Loading...
| Philosophy | 2 | 2 | 2 | 2 | 40 | 45 | 88.75 | 2 | 3 | 12.80 | 26.14 |
| Fine Arts - Auditory | 1 | 2 | 0 | 0 | 35 | 54 | 91.67 | 1 | 1 | 8.17 | 17.05 |
| Science - Other | 2 | 0 | 0 | 0 | 30 | 35 | 51.00 | 1 | 2 | 11.27 | 17.05 |
| Social Science | 0 | 3 | 1 | 1 | 25 | 87 | 102.67 | 0 | 1 | 6.09 | 17.50 |
| History - European | 1 | 1 | 0 | 0 | 25 | 33 | 62.00 | 0 | 2 | 9.84 | 14.77 |
| Literature - European | 0 | 2 | 0 | 1 | 20 | 93 | 114.50 | 0 | 2 | 3.39 | 11.36 |
| Science - Biology | 0 | 2 | 0 | 2 | 20 | 118 | 120.00 | 0 | 0 | 0.22 | 2.27 |
| Fine Arts - Other | 1 | 1 | 2 | 0 | 15 | 73 | 76.00 | 1 | 2 | 7.74 | 17.05 |
| History - American | 0 | 2 | 1 | 1 | 15 | 99 | 113.00 | 0 | 0 | 1.53 | 6.82 |
| History - Other | 0 | 1 | 0 | 1 | 10 | 134 | 134.00 | 0 | 0 | 0.15 | 2.50 |
| Mythology | 0 | 1 | 0 | 0 | 10 | 126 | 126.00 | 1 | 1 | 1.76 | 10.00 |
| Mythology- Edited | 0 | 1 | 0 | 1 | 10 | 138 | 138.00 | 0 | 0 | 0.72 | 37.50 |
| Religion | 0 | 1 | 1 | 0 | 5 | 91 | 91.00 | 0 | 1 | 3.00 | 8.75 |
| Fine Arts - Visual | 1 | 0 | 3 | 0 | 0 | 72 | 72.00 | 0 | 1 | 4.64 | 6.82 |
| History - World | 0 | 0 | 1 | 0 | -5 | 0.00 | 0 | 0 | 0.00 | 0.00 | |
| Geography | 0 | 0 | 1 | 0 | -5 | 0.00 | 0 | 0 | 0.00 | 0.00 | |
| Religion- | 0 | 0 | 1 | 0 | -5 | 0.00 | 0 | 0 | 3.00 | 8.75 |